000 00623nam a22001937a 4500
999 _c100064
_d100064
005 20230210164413.0
010 _aENG-115146 ENG-136013
020 _a9789385755910
_c399.00
035 _aEN-98678
035 _aEN-119545
037 _bDBAD/PUB
082 _a808.883
245 _aHouse spirit :
_bdrinking in India stories, essays poems /
_cedited by Palash Krishna Mehrotra
260 _aNew Delhi
_bSpeaking Tiger
_c2016
270 _a4381/4 Ansari Road, Daryaganj,
_bNew Delhi
_e110002
300 _aix,276p.
_c22cm(pbk)
700 _aMehrotra, Palash Krishna
942 _2ddc
_cEN
_mHOU
_h808.883